[Event "ICS rated blitz match"]
[Site "204.178.125.65"]
[Date "2000.03.28"]
[Round "?"]
[White "Valmont"]
[Black "Hossa"]
[Result "0-1"]
[WhiteElo "2191"]
[BlackElo "2434"]
[PlyCount "104"]

1. e4 e5 2. f4 exf4 3. Nf3 g5 4. Bc4 g4 5. O-O gxf3 6. Qxf3 Qf6 7. d3 Bh6 8.
Nc3 Ne7 9. Bd2 Nbc6 10. Nb5 Nd4 11. Qh5 Nxb5 12. Qxb5 Rg8 13. Bc3 Qg6 14. Rf2
c6 15. Qe5 d6 16. Qd4 Bg7 17. e5 Bxe5 18. Qe4 Qxe4 19. dxe4 Be6 20. Bd3 Bxc3
21. bxc3 Ng6 22. Rb1 b5 23. a4 bxa4 24. Rb7 Bd7 25. Bc4 Ne5 26. Be2 Bg4 27.
Bxg4 Nxg4 28. Rxf4 Ne5 29. Rf6 Rg6 30. Rf1 a5 31. Ra1 Nf3+ 32. Kf2 Nxh2 33.
Rxa4 Ng4+ 34. Kg1 Ne3 35. Rd4 Rxg2+ 36. Kh1 Rxc2 37. Rxd6 Rxc3 38. Rdd7 Rc1+
39. Kh2 Rf1 40. Rdc7 Rf6 41. Kg3 Nc4 42. Re7+ Kf8 43. e5 Rf5 44. e6 Nd6 45.
Rbd7 a4 46. exf7 Nxf7 47. Re1 a3 48. Ra1 Kg7 49. Rd3 a2 50. Rd2 Rg8 51. Raxa2
Kh6+ 52. Kh2 Rh5# 0-1

[Event "ICS rated bullet match"]
[Site "204.178.125.65"]
[Date "2000.03.28"]
[Round "?"]
[White "freeknight"]
[Black "Hossa"]
[Result "0-1"]
[WhiteElo "1606"]
[BlackElo "2449"]
[PlyCount "22"]

1. e4 e5 2. d4 exd4 3. Qxd4 Nc6 4. Qe3 Nf6 5. Nc3 Bb4 6. Bd2 O-O 7. Qg3 d5 8.
f3 dxe4 9. O-O-O Bd6 10. Bf4 Nh5 11. Qg5 Bxf4+ 0-1

[Event "ICS Rated standard match"]
[Site "204.178.125.65"]
[Date "2000.03.28"]
[Round "?"]
[White "orodrig6"]
[Black "Hossa"]
[Result "0-1"]
[WhiteElo "1952"]
[BlackElo "2310"]
[PlyCount "130"]

1. d4 Nf6 2. Nf3 e6 3. e3 b6 4. Bd3 Bb7 5. Nbd2 d5 6. O-O c5 7. c3 Bd6 8. Re1
O-O 9. Qe2 Nbd7 10. e4 dxe4 11. Nxe4 Nxe4 12. Bxe4 Bxe4 13. Qxe4 Nf6 14. Qh4 h6
15. Ne5 cxd4 16. cxd4 Bb4 17. Rd1 Bd6 18. Bf4 Nd5 19. Qxd8 Rfxd8 20. Bg3 Bxe5
21. Bxe5 Rac8 22. Rac1 Rxc1 23. Rxc1 Nb4 24. Rc7 f6 25. Bg3 Rxd4 26. h3 a6 27.
Rb7 Nd5 28. Bc7 Rd1+ 29. Kh2 Rd2 30. Bxb6 Rxb2 31. Rb8+ Kf7 32. Ba7 Rxa2 33.
Rb7+ Kg6 34. h4 h5 35. Bc5 Rc2 36. Be3 Nxe3 37. fxe3 Rc3 38. Rb6 Rxe3 39. Rxa6
e5 40. Re6 Re4 41. Kg3 Kf5 42. Re7 g6 43. Re8 Re3+ 44. Kf2 Rd3 45. Ra8 Rc3 46.
Ra5 Kf4 47. Ra4+ e4 48. Ra6 Rc2+ 49. Kg1 Kg3 50. Rxf6 Rxg2+ 51. Kf1 Ra2 52.
Rxg6+ Kxh4 53. Re6 Kg3 54. Rxe4 Ra1+ 55. Ke2 h4 56. Re3+ Kg2 57. Re8 Ra2+ 58.
Ke3 Ra3+ 59. Ke2 h3 60. Rg8+ Rg3 61. Rf8 h2 62. Rf2+ Kh3 63. Rf1 Rg1 64. Kf2
Rxf1+ 65. Kxf1 h1=Q+ 0-1

[Event "ICS rated blitz match"]
[Site "204.178.125.65"]
[Date "2000.03.28"]
[Round "?"]
[White "Hossa"]
[Black "montxo"]
[Result "1-0"]
[WhiteElo "2446"]
[BlackElo "2276"]
[PlyCount "79"]

1. e4 Nf6 2. e5 Nd5 3. d4 d6 4. Nf3 c6 5. c4 Nb6 6. Nc3 dxe5 7. Nxe5 N8d7 8.
Nf3 Nf6 9. Be3 Bf5 10. Be2 e6 11. Nh4 Bg6 12. O-O Be7 13. Nxg6 hxg6 14. Qc1 Qc7
15. h3 O-O-O 16. Bf4 Qd7 17. Nb5 Qe8 18. Nxa7+ Kd7 19. Qe3 Ra8 20. d5 Nbxd5 21.
Qd4 c5 22. Qd1 Rxa7 23. cxd5 Kc8 24. dxe6 fxe6 25. Bc4 Nd5 26. Bxd5 exd5 27.
Qxd5 Rh5 28. Qe6+ Qd7 29. Qxg6 Rf5 30. Rfd1 Rd5 31. Rxd5 Qxd5 32. Qb6 Bd8 33.
Qxa7 Kd7 34. Qa4+ Ke6 35. Rd1 Qc6 36. Qc4+ Kf5 37. Rxd8 b5 38. Rf8+ Qf6 39. g4+
Kg6 40. Qe4+ 1-0

[Event "ICS rated blitz match"]
[Site "204.178.125.65"]
[Date "2000.03.28"]
[Round "?"]
[White "Hossa"]
[Black "montxo"]
[Result "0-1"]
[WhiteElo "2463"]
[BlackElo "2259"]
[PlyCount "74"]

1. e4 e6 2. d4 d5 3. Nc3 Bb4 4. e5 c5 5. a3 Bxc3+ 6. bxc3 Ne7 7. Qg4 cxd4 8.
Qxg7 Rg8 9. Qxh7 Qc7 10. Ne2 dxc3 11. f4 Bd7 12. Qd3 Nf5 13. Nxc3 Na6 14. Qd2
Nc5 15. Ra2 a6 16. g4 d4 17. Nd5 exd5 18. gxf5 Bxf5 19. Qxd4 Ne6 20. Qxd5 Rd8
21. Qc4 Qa5+ 22. c3 Nc5 23. Qb4 Qc7 24. Be3 Nd3+ 25. Bxd3 Rxd3 26. Bc5 Qc6 27.
Rg1 Rxg1+ 28. Bxg1 Qf3 29. Ra1 Bg4 30. Qa4+ b5 31. Qc2 Qe4+ 32. Be3 Rxe3+ 33.
Kf1 Qxc2 34. Kg1 Qe2 35. Rf1 Bh3 36. Rf2 Qe1+ 37. Rf1 Qxf1# 0-1

[Event "ICS rated blitz match"]
[Site "204.178.125.65"]
[Date "2000.03.28"]
[Round "?"]
[White "QueenMaxima"]
[Black "Hossa"]
[Result "1-0"]
[WhiteElo "2396"]
[BlackElo "2439"]
[PlyCount "99"]

1. d4 Nf6 2. c4 g6 3. Nc3 Bg7 4. e4 d6 5. f3 O-O 6. Be3 e5 7. Nge2 c6 8. Qb3
exd4 9. Nxd4 Na6 10. Be2 Nc5 11. Qa3 Nfd7 12. O-O Re8 13. Rfd1 f5 14. Nc2 Bxc3
15. Qxc3 fxe4 16. Rxd6 exf3 17. Bxf3 Qe7 18. Rad1 Rf8 19. Qa3 Rf5 20. Bg4 Qe4
21. Bxc5 Qxg4 22. Ne3 Qg5 23. Nxf5 Qxf5 24. Bxa7 c5 25. b3 Qf4 26. Re6 Qg4 27.
Re8+ Kf7 28. Rde1 Qd4+ 29. Kh1 b6 30. R8e7+ Kg8 31. b4 Qf2 32. Qc3 Nf6 33. bxc5
Bg4 34. cxb6 Rf8 35. c5 Bc8 36. Qc4+ Kh8 37. c6 Bh3 38. gxh3 Qf3+ 39. Kg1 Qf5
40. b7 Qg5+ 41. Kh1 Qa5 42. Bd4 Qf5 43. b8=R Rxb8 44. Qf7 Qf3+ 45. Kg1 Qf2+ 46.
Bxf2 Rg8 47. Qxg8+ Kxg8 48. c7 Nd7 49. Rxd7 h5 50. c8=Q# 1-0

[Event "ICS rated bullet match"]
[Site "204.178.125.65"]
[Date "2000.03.28"]
[Round "?"]
[White "Hossa"]
[Black "star"]
[Result "0-1"]
[WhiteElo "2449"]
[BlackElo "2670"]
[PlyCount "108"]

1. e4 c5 2. Nf3 e6 3. d4 cxd4 4. Nxd4 a6 5. Nc3 Qc7 6. Be2 Nf6 7. O-O Be7 8. f4
d6 9. e5 dxe5 10. fxe5 Nfd7 11. Bf4 Nxe5 12. Bxe5 Qxe5 13. Nf3 Qc5+ 14. Kh1 O-O
15. Ne4 Qc7 16. Qd2 Nc6 17. Bc4 Bd7 18. Rad1 Rad8 19. Qf2 Ne5 20. Nxe5 Qxe5 21.
Rd4 b5 22. Bb3 f5 23. Ng3 Bc5 24. Ne2 a5 25. c3 a4 26. Bd1 Qf6 27. Nf4 e5 28.
Qf3 Bxd4 29. Qd5+ Qf7 30. Qxf7+ Rxf7 31. cxd4 exf4 32. b3 Bc6 33. Rxf4 Re7 34.
Rf1 Rxd4 35. bxa4 Rd2 36. Bb3+ Kf8 37. Rxf5+ Ke8 38. Rf1 Bxg2+ 39. Kg1 Bxf1 40.
Kxf1 Rc7 41. Ke1 Rxh2 42. Kd1 Rc3 43. axb5 Rg3 44. Kc1 Rg1+ 45. Bd1 Rxa2 46. b6
Ra1+ 47. Kd2 Rgxd1+ 48. Kc3 Kd7 49. Kc4 Rac1+ 50. Kb5 Rd5+ 51. Kb4 Kc6 52. Ka3
Rb5 53. Ka2 Rxb6 54. Ka3 Ra1# 0-1

[Event "ICS rated blitz match"]
[Site "204.178.125.65"]
[Date "2000.03.28"]
[Round "?"]
[White "Hossa"]
[Black "QueenMaxima"]
[Result "1-0"]
[WhiteElo "2421"]
[BlackElo "2429"]
[PlyCount "47"]

1. e4 c5 2. Nf3 d6 3. d4 cxd4 4. Nxd4 Nf6 5. Nc3 a6 6. Bg5 e6 7. f4 Be7 8. Qf3
Qc7 9. O-O-O Nbd7 10. g4 b5 11. Bxf6 Nxf6 12. g5 Nd7 13. f5 Nc5 14. f6 gxf6 15.
gxf6 Bf8 16. Rg1 b4 17. Nd5 exd5 18. exd5 Bh6+ 19. Kb1 Kf8 20. Re1 b3 21. Qh5
Be3 22. Rxe3 bxc2+ 23. Kc1 Be6 24. Rxe6 1-0

[Event "ICS rated blitz match"]
[Site "204.178.125.65"]
[Date "2000.03.28"]
[Round "?"]
[White "QueenMaxima"]
[Black "Hossa"]
[Result "0-1"]
[WhiteElo "2413"]
[BlackElo "2437"]
[PlyCount "85"]

1. e4 e5 2. Nf3 Nc6 3. Bb5 d6 4. d4 Bd7 5. O-O Nf6 6. Nc3 Be7 7. Bg5 exd4 8.
Nxd4 O-O 9. Bxc6 bxc6 10. Qf3 Rb8 11. Rab1 Rb4 12. Nf5 Bxf5 13. exf5 Qd7 14.
Rfe1 Re8 15. a3 Rbb8 16. Qh3 h6 17. Bd2 d5 18. Ne2 Bc5 19. Be3 Bxe3 20. fxe3
Qd6 21. Qf3 Ne4 22. Red1 Qf6 23. c3 Re5 24. Qf4 Rbe8 25. Nd4 R8e7 26. Kh1 c5
27. g4 h5 28. h3 hxg4 29. hxg4 Ng5 30. Nc2 Re4 31. Qg3 Qh6+ 32. Kg1 Rd7 33. b3
Nh7 34. Qg2 Nf6 35. g5 Qh4 36. Kf1 Rg4 37. Qf3 Qh2 38. Qf2 Qh3+ 39. Ke2 Rg2 40.
gxf6 Rxf2+ 41. Kxf2 Qxf5+ 42. Ke1 Qxc2 43. Rdc1 0-1

[Event "ICS rated blitz match"]
[Site "204.178.125.65"]
[Date "2000.03.28"]
[Round "?"]
[White "Hossa"]
[Black "QueenMaxima"]
[Result "0-1"]
[WhiteElo "2452"]
[BlackElo "2398"]
[PlyCount "126"]

1. e4 c5 2. Nf3 d6 3. d4 cxd4 4. Nxd4 Nf6 5. Nc3 a6 6. Bg5 e6 7. f4 Be7 8. Qf3
Qc7 9. O-O-O Nbd7 10. g4 b5 11. Bxf6 Nxf6 12. g5 Nd7 13. a3 Rb8 14. h4 b4 15.
axb4 Rxb4 16. Bh3 Qb6 17. Nf5 exf5 18. Nd5 Qc5 19. Nxb4 Qxb4 20. Bxf5 O-O 21.
Qa3 Qxa3 22. bxa3 Nc5 23. Bxc8 Rxc8 24. Rhe1 Ne6 25. f5 Nc7 26. Rd3 f6 27. gxf6
Bxf6 28. Rxd6 Bxh4 29. Rg1 Be7 30. Rd3 Nb5 31. Kb2 Nd6 32. Re1 Rc5 33. Kb3 Re5
34. Rd4 Nxf5 35. Ra4 Re6 36. Ka2 g5 37. Rc4 Nd6 38. Rb4 Re5 39. Ra4 a5 40. Kb2
h5 41. Kc3 g4 42. Kd4 Bf6 43. Kd3 g3 44. Rd4 Be7 45. Rd5 Nf7 46. Kd4 h4 47.
Rxe5 Bf6 48. Rh1 g2 49. Rb1 h3 50. Rg1 Bxe5+ 51. Ke3 Bh2 52. Re1 g1=Q+ 53.
Rxg1+ Bxg1+ 54. Kf3 Ne5+ 55. Kg3 h2 56. Kg2 Ng4 57. e5 Nf2 58. Kf1 h1=Q 59. Ke2
Qh3 60. Kd2 Ne4+ 61. Kc1 Qxa3+ 62. Kd1 Qe3 63. c4 Qd2# 0-1

[Event "ICS Rated blitz match"]
[Site "204.178.125.65"]
[Date "2000.03.28"]
[Round "?"]
[White "QueenMaxima"]
[Black "Hossa"]
[Result "1-0"]
[WhiteElo "2416"]
[BlackElo "2434"]
[PlyCount "143"]

1. e4 e5 2. Nf3 Nc6 3. Bb5 a6 4. Ba4 Nf6 5. O-O Be7 6. Re1 b5 7. Bb3 d6 8. c3
O-O 9. h3 Bb7 10. d4 Re8 11. Nbd2 Bf8 12. a3 h6 13. Ba2 Be7 14. d5 Nb8 15. c4
c6 16. dxc6 Bxc6 17. b4 Nbd7 18. Qb3 Rf8 19. Qc2 Rc8 20. Bb2 Qc7 21. Nh4 bxc4
22. Qxc4 Nb6 23. Qxa6 Bb7 24. Qb5 Nxe4 25. Rac1 Qd8 26. Rxc8 Bxc8 27. Rxe4 Bxh4
28. Rxh4 Qxh4 29. Qxb6 Bxh3 30. Bd5 Qh5 31. Qxd6 Bg4 32. b5 Re8 33. Bc6 Rc8 34.
b6 Bf5 35. Bf3 Qg6 36. Qxg6 Bxg6 37. b7 Rd8 38. Bxe5 Bd3 39. a4 Bc2 40. a5 Bd3
41. b8=R Rxb8 42. Bxb8 Ba6 43. Ne4 g5 44. Nc5 Bc4 45. Bb7 h5 46. a6 Bxa6 47.
Bxa6 Kg7 48. Bd3 g4 49. Be5+ Kf8 50. Nd7+ Ke7 51. Bf5 Kd8 52. Nf6 h4 53. Bxg4
Ke7 54. Kh2 Kf8 55. Nd7+ Ke8 56. Bf5 Kd8 57. Bf6+ Kc7 58. Ne5 Kb6 59. f4 Ka7
60. Kh3 Kb6 61. Nxf7 Ka5 62. Kxh4 Kb5 63. Be4 Kc5 64. g4 Kc4 65. g5 Kc5 66. g6
Kc4 67. g7 Kb4 68. Nd6 Ka4 69. g8=Q Ka5 70. Qc4 Kb6 71. Nc8+ Ka5 72. Bd8# 1-0

[Event "ICS Rated blitz match"]
[Site "204.178.125.65"]
[Date "2000.03.28"]
[Round "?"]
[White "Hossa"]
[Black "QueenMaxima"]
[Result "0-1"]
[WhiteElo "2417"]
[BlackElo "2433"]
[PlyCount "114"]

1. e4 c5 2. Nf3 d6 3. d4 cxd4 4. Nxd4 Nf6 5. Nc3 Nc6 6. Be3 e5 7. Nb3 Be7 8.
Be2 O-O 9. O-O Be6 10. Bf3 a5 11. Nd5 a4 12. Nd2 Nd4 13. Bxd4 exd4 14. Nc4 Nxd5
15. exd5 Bf5 16. Re1 Bf6 17. Qe2 Rc8 18. Na3 Qb6 19. Rab1 Qc5 20. Be4 Bxe4 21.
Qxe4 b5 22. c3 dxc3 23. b4 axb3 24. Rxb3 c2 25. Rh3 h6 26. Nxc2 Qxc2 27. Qxc2
Rxc2 28. Rb3 Ra8 29. Rxb5 Raxa2 30. Rb8+ Kh7 31. Kh1 Rxf2 32. Rg1 Bd4 33. Rbb1
Bc5 34. Rbd1 Rfe2 35. Rc1 Bxg1 36. Rxg1 Red2 37. h4 Rxd5 38. Kh2 Rh5 39. Kh3 g5
40. Kg3 Rxh4 41. Rd1 h5 42. Rg1 f5 43. Kf3 Rg4 44. Rh1 h4 45. Ke3 Rgxg2 46. Rd1
Rge2+ 47. Kd4 Rad2+ 48. Rxd2 Rxd2+ 49. Kc4 h3 50. Kc3 Rd5 51. Kc4 Rd1 52. Kb5
Rc1 53. Kb4 h2 54. Ka4 h1=Q 55. Ka3 Qb7 56. Ka2 d5 57. Ka3 Ra1# 0-1

[Event "ICS rated bullet match"]
[Site "204.178.125.65"]
[Date "2000.03.28"]
[Round "?"]
[White "Hossa"]
[Black "Heian"]
[Result "1-0"]
[WhiteElo "2442"]
[BlackElo "1489"]
[PlyCount "25"]

1. d4 d6 2. c4 Bd7 3. Nf3 Nc6 4. d5 Ne5 5. Nxe5 dxe5 6. Qb3 b6 7. Nd2 f5 8. e4
f4 9. Nf3 c5 10. Nxe5 Qc7 11. Bxf4 g5 12. Bg3 h5 13. Ng6 1-0

[Event "ICS rated bullet match"]
[Site "204.178.125.65"]
[Date "2000.03.28"]
[Round "?"]
[White "Doublestack"]
[Black "Hossa"]
[Result "0-1"]
[WhiteElo "938"]
[BlackElo "2442"]
[PlyCount "52"]

1. d4 Nf6 2. c4 e6 3. Bg5 d5 4. Bxf6 Qxf6 5. e3 Bb4+ 6. Nc3 c5 7. a3 Ba5 8. b4
cxb4 9. axb4 Bxb4 10. c5 Bxc3+ 11. Ke2 Bxa1 12. Qa4+ Nd7 13. Qxa1 Nxc5 14. dxc5
Qxa1 15. Kd2 Qxf1 16. Nf3 Qxh1 17. Ne5 Qxg2 18. Nxf7 Qxf2+ 19. Kd3 Kxf7 20. Kc3
Qxe3+ 21. Kb2 Qf2+ 22. Kc1 Qxc5+ 23. Kd1 Qf2 24. Kc1 Bd7 25. Kd1 Ba4+ 26. Kc1
Qc2# 0-1

[Event "ICS rated bullet match"]
[Site "204.178.125.65"]
[Date "2000.03.28"]
[Round "?"]
[White "Heian"]
[Black "Hossa"]
[Result "0-1"]
[WhiteElo "1489"]
[BlackElo "2442"]
[PlyCount "28"]

1. e4 e5 2. Nf3 Nc6 3. Bc4 Nf6 4. Ng5 d5 5. exd5 Nd4 6. c3 b5 7. cxd4 bxc4 8.
dxe5 Nxd5 9. Nc3 Qxg5 10. Nxd5 Qxg2 11. Nxc7+ Kd8 12. Nxa8 Qxh1+ 13. Ke2 Qe4+
14. Kf1 Bh3+ 0-1

[Event "ICS rated bullet match"]
[Site "204.178.125.65"]
[Date "2000.03.28"]
[Round "?"]
[White "Heian"]
[Black "Hossa"]
[Result "0-1"]
[WhiteElo "1489"]
[BlackElo "2442"]
[PlyCount "36"]

1. e4 e5 2. Nf3 Nc6 3. Bc4 Nf6 4. Ng5 d5 5. exd5 Nd4 6. d3 b5 7. Bb3 Nxb3 8.
axb3 Nxd5 9. Qf3 f6 10. Nc3 Nb4 11. Nge4 Nxc2+ 12. Kf1 Nxa1 13. Nxb5 Nxb3 14.
Nxf6+ gxf6 15. Qxa8 Qxd3+ 16. Ke1 Bb4+ 17. Bd2 Bxd2+ 18. Kd1 Bb4# 0-1

[Event "ICS rated standard match"]
[Site "204.178.125.65"]
[Date "2000.03.28"]
[Round "?"]
[White "GPiccolo"]
[Black "Hossa"]
[Result "0-1"]
[WhiteElo "2320"]
[BlackElo "2314"]
[PlyCount "92"]

1. d4 d5 2. c4 c6 3. Nf3 Nf6 4. Nc3 e6 5. e3 Nbd7 6. Qc2 Bd6 7. Be2 O-O 8. O-O
Qe7 9. Rd1 Bb4 10. b3 Bxc3 11. Qxc3 Ne4 12. Qc2 f5 13. a4 Rf7 14. Ba3 Qf6 15.
Rac1 g6 16. Bd3 Qg7 17. a5 Rb8 18. Bb4 Qf6 19. Re1 Qd8 20. h4 Rg7 21. h5 gxh5
22. cxd5 exd5 23. Kf1 Qf6 24. g3 Qg6 25. Ra1 Qg4 26. Nh2 Qh3+ 27. Kg1 Qh4 28.
Kh1 Qg5 29. Nf3 Qg4 30. Nh2 Qg6 31. Rg1 Ndf6 32. Bxe4 Nxe4 33. Rac1 Be6 34. Bc5
Ra8 35. a6 bxa6 36. b4 Re8 37. Qe2 Bd7 38. Bxa7 Qf6 39. Rg2 h4 40. gxh4 Rxg2
41. Kxg2 Qxh4 42. Qf3 Ra8 43. Bc5 Kh8 44. Rc2 Rg8+ 45. Kh1 Qg5 46. Rc1 Be8 0-1

[Event "ICS rated standard match"]
[Site "204.178.125.65"]
[Date "2000.03.28"]
[Round "?"]
[White "Hossa"]
[Black "GPiccolo"]
[Result "1/2-1/2"]
[WhiteElo "2324"]
[BlackElo "2295"]
[PlyCount "134"]

1. e4 e5 2. Nf3 Nc6 3. Nc3 Nf6 4. Nxe5 Nxe5 5. d4 Nc6 6. d5 Ne5 7. f4 Ng6 8. e5
Ng8 9. d6 cxd6 10. exd6 Qh4+ 11. g3 Qf6 12. Nb5 Rb8 13. Be3 b6 14. Bd4 Qe6+ 15.
Be2 Kd8 16. Qd3 Bb7 17. f5 Qd5 18. Rf1 Ne5 19. Qe3 Nc4 20. Bxc4 Qxc4 21. Nxa7
Bxd6 22. b3 Qxc2 23. Bxb6+ Bc7 24. Nb5 Bxb6 25. Qxb6+ Ke8 26. Nd6+ Kf8 27. Qb4
Qc6 28. Nc8+ d6 29. Nxd6 Qc7 30. Nxb7+ Ne7 31. f6 gxf6 32. Qd4 Rxb7 33. Qxf6
Ng6 34. Rf5 Qe7+ 35. Kf1 Qxf6 36. Rxf6 Kg7 37. Rd6 Ra8 38. Rdd1 Ra3 39. Rdb1
Ne5 40. Ke2 Nc6 41. Ke3 Nb4 42. Rb2 Rba7 43. Kd4 Rxa2 44. Raxa2 Rxa2 45. Rxa2
Nxa2 46. Kc4 Kf6 47. b4 Ke6 48. b5 Kd6 49. Kb3 Nc1+ 50. Ka4 Kc7 51. Ka5 Kb7 52.
Kb4 Kb6 53. Kc4 Ne2 54. Kd3 Ng1 55. h4 Kxb5 56. Ke3 Nh3 57. Kf3 h6 58. Kg4 Nf2+
59. Kh5 Kc5 60. Kxh6 Kd5 61. h5 Ke6 62. Kg7 Ng4 63. h6 Nxh6 64. Kxh6 Kf6 65. g4
Ke5 66. Kg7 f5 67. gxf5 Kxf5 1/2-1/2

[Event "ICS rated bullet match"]
[Site "204.178.125.65"]
[Date "2000.03.28"]
[Round "?"]
[White "Hossa"]
[Black "Demon-Knight"]
[Result "1-0"]
[WhiteElo "2442"]
[BlackElo "1204"]
[PlyCount "39"]

1. c4 d6 2. Nc3 e5 3. Nf3 f5 4. d4 Nc6 5. dxe5 dxe5 6. Qxd8+ Kxd8 7. Bg5+ Nf6
8. O-O-O+ Bd7 9. Nd5 Kc8 10. Nxf6 gxf6 11. Bxf6 Rg8 12. Bxe5 Bh6+ 13. Kb1 f4
14. g3 Bf5+ 15. Ka1 fxg3 16. hxg3 Nxe5 17. Nxe5 b6 18. Rxh6 Kb7 19. Bg2+ Kb8
20. Nc6+ 1-0

[Event "ICS rated bullet match"]
[Site "204.178.125.65"]
[Date "2000.03.28"]
[Round "?"]
[White "star"]
[Black "Hossa"]
[Result "1-0"]
[WhiteElo "2692"]
[BlackElo "2442"]
[PlyCount "139"]

1. e4 e5 2. Bc4 Nf6 3. d3 c6 4. Nf3 d5 5. Bb3 Bd6 6. O-O dxe4 7. Ng5 O-O 8.
Nxe4 Nxe4 9. dxe4 Bb4 10. Qxd8 Rxd8 11. Bg5 Rd7 12. a3 Ba5 13. Bc4 Rd4 14. Bd3
Rd6 15. Bd2 Bb6 16. Bc3 Nd7 17. Nd2 Bd4 18. Bxd4 exd4 19. f4 Nc5 20. Kf2 Rf6
21. f5 b6 22. Nf3 Nxd3+ 23. cxd3 c5 24. b4 Ba6 25. Rfd1 g6 26. g4 Re8 27. Rac1
Rc8 28. e5 Rfc6 29. f6 cxb4 30. Rxc6 Rxc6 31. Nxd4 Rc3 32. axb4 Rxd3 33. Rxd3
Bxd3 34. Ke3 Bc4 35. Nc6 a6 36. Ne7+ Kf8 37. Nc8 b5 38. Nd6 Be6 39. Kd4 Bxg4
40. Kc5 h5 41. Kb6 h4 42. Kxa6 Be2 43. Ne4 Bd3 44. Ng5 Ke8 45. Kb6 Bc4 46. Kc7
Bd5 47. Kd6 Bc4 48. Nf3 Be2 49. Nxh4 Bg4 50. Ng2 g5 51. Ne3 Bd7 52. Nd5 Bf5 53.
Nc7+ Kf8 54. Nxb5 Bd3 55. Nd4 Bc4 56. b5 g4 57. b6 Ba6 58. Kd7 Bb7 59. e6 fxe6
60. Nxe6+ Kf7 61. Nd8+ Kxf6 62. Nxb7 Kg5 63. Nc5 Kf6 64. b7 Ke5 65. b8=Q+ Kf5
66. Qf8+ Kg6 67. Ne6 g3 68. Qf4 Kh7 69. Qg5 gxh2 70. Qg7# 1-0

[Event "ICS rated bullet match"]
[Site "204.178.125.65"]
[Date "2000.03.28"]
[Round "?"]
[White "Hossa"]
[Black "star"]
[Result "0-1"]
[WhiteElo "2436"]
[BlackElo "2698"]
[PlyCount "140"]

1. e4 Nf6 2. e5 Nd5 3. d4 d6 4. Nf3 Bg4 5. Be2 e6 6. O-O Be7 7. c4 Nb6 8. Nc3
O-O 9. Be3 a5 10. exd6 cxd6 11. Nd2 Bf5 12. d5 N8d7 13. Bg4 Bd3 14. dxe6 Bxf1
15. exd7 Bd3 16. Bxb6 Qxb6 17. Nd5 Qd8 18. Qf3 Bg6 19. Bf5 a4 20. Bxg6 fxg6 21.
Qg4 Bf6 22. Re1 Be5 23. Qe6+ Rf7 24. Nf3 Bxb2 25. Qxd6 Qxd7 26. Qxd7 Rxd7 27.
Nb6 Rad8 28. Nxd7 Rxd7 29. Ng5 Rd8 30. Ne6 Rd2 31. c5 Bf6 32. a3 Ra2 33. f4
Rxa3 34. g4 Rd3 35. Kf1 a3 36. g5 Bc3 37. Re2 Bd2 38. Re4 Re3 39. Ra4 Rxe6 40.
Ra8+ Kf7 41. Rxa3 Be3 42. Rb3 Re7 43. Rc3 h5 44. Kg2 Bxf4 45. Rf3 Re2+ 46. Kf1
Re4 47. Rb3 Bxh2 48. Rxb7+ Kf8 49. Rb3 Rc4 50. Kg2 Bf4 51. Rf3 Ke7 52. c6 Bxg5
53. Rg3 Rc5 54. c7 Kd7 55. Rf3 Bf6 56. Rg3 Rg5 57. Rxg5 Bxg5 58. c8=Q+ Kxc8 59.
Kf3 Be7 60. Ke4 g5 61. Kd5 g4 62. Ke5 g3 63. Ke6 Bf6 64. Kd5 g2 65. Ke4 g1=Q
66. Kf4 Qf2+ 67. Ke4 Qc2+ 68. Kd5 Kb7 69. Ke6 Qc4+ 70. Kf5 Qg4# 0-1

[Event "ICS rated bullet match"]
[Site "204.178.125.65"]
[Date "2000.03.28"]
[Round "?"]
[White "WillsGambit"]
[Black "Hossa"]
[Result "0-1"]
[WhiteElo "1502"]
[BlackElo "2430"]
[PlyCount "38"]

1. f4 e5 2. Nf3 exf4 3. d4 g5 4. h4 g4 5. Ng5 d5 6. Bxf4 f6 7. Qd3 fxg5 8. Qe3+
Ne7 9. Bxg5 Nbc6 10. Bf6 Rg8 11. g3 Qd6 12. Qg5 Rxg5 13. hxg5 Qb4+ 14. c3 Qxb2
15. Bg2 Qxa1 16. O-O Qxa2 17. g6 Nxg6 18. Bxd5 Qxd5 19. c4 Qxc4 0-1

[Event "ICS rated bullet match"]
[Site "204.178.125.65"]
[Date "2000.03.28"]
[Round "?"]
[White "WillsGambit"]
[Black "Hossa"]
[Result "0-1"]
[WhiteElo "1502"]
[BlackElo "2430"]
[PlyCount "48"]

1. e4 c5 2. Nf3 e6 3. Bb5 a6 4. Ba4 b5 5. Bb3 c4 6. Qe2 cxb3 7. axb3 Nc6 8. d4
d6 9. d5 Ne5 10. Nxe5 dxe5 11. dxe6 fxe6 12. Nc3 Nf6 13. O-O b4 14. Na2 Be7 15.
f4 exf4 16. Bxf4 Qd4+ 17. Be3 Qe5 18. Rxf6 gxf6 19. Qh5+ Qxh5 20. g4 Qxg4+ 21.
Kf1 Qf3+ 22. Ke1 Qxe3+ 23. Kd1 Rg8 24. Nxb4 Rg1# 0-1

[Event "ICS rated bullet match"]
[Site "204.178.125.65"]
[Date "2000.03.28"]
[Round "?"]
[White "Hossa"]
[Black "Rollo"]
[Result "1/2-1/2"]
[WhiteElo "2430"]
[BlackElo "1901"]
[PlyCount "95"]

1. e4 e6 2. d4 d5 3. Nc3 dxe4 4. Nxe4 Nd7 5. Nf3 Be7 6. Bb5 c6 7. Bd3 Ngf6 8.
Nxf6+ Nxf6 9. O-O b6 10. Ne5 Bb7 11. c3 O-O 12. Re1 Nd7 13. Nxd7 Qxd7 14. Qc2
g6 15. Bh6 Rfe8 16. Qd2 c5 17. dxc5 bxc5 18. Re5 Rad8 19. Rd1 c4 20. Be4 Qxd2
21. Bxd2 Bf6 22. h4 Bxe5 23. Bxb7 Bf4 24. Bc6 Re7 25. Bxf4 Rxd1+ 26. Kh2 e5 27.
Bg5 Re6 28. Bb5 f6 29. Bxc4 Kf7 30. Be3 f5 31. Bxa7 f4 32. Bc5 Kf6 33. Bxe6
Kxe6 34. b3 Kd5 35. Bb4 Ra1 36. c4+ Kc6 37. Bc3 Rxa2 38. h5 Rxf2 39. hxg6 hxg6
40. Bxe5 f3 41. Kg3 Rxg2+ 42. Kxf3 Rg1 43. Kf4 Rb1 44. b4 Rxb4 45. Kg5 Rxc4 46.
Kxg6 Re4 47. Kf6 Rxe5 48. Kxe5 1/2-1/2

[Event "ICS rated bullet match"]
[Site "204.178.125.65"]
[Date "2000.03.28"]
[Round "?"]
[White "PostModernist"]
[Black "Hossa"]
[Result "1-0"]
[WhiteElo "2538"]
[BlackElo "2415"]
[PlyCount "87"]

1. e4 e5 2. d4 exd4 3. c3 dxc3 4. Bc4 cxb2 5. Bxb2 d6 6. Qb3 Qd7 7. Nc3 Nc6 8.
Nd5 Na5 9. Qg3 f6 10. Be2 c6 11. Nf4 Qe7 12. f3 g5 13. Nh5 b5 14. Nh3 Nc4 15.
Bc3 Qf7 16. Bxc4 bxc4 17. Nxf6+ Nxf6 18. Nxg5 Qe7 19. O-O Bg7 20. Rfd1 d5 21.
e5 Ng4 22. Nxh7 Bxe5 23. Bxe5 Nxe5 24. Re1 Kd8 25. Ng5 Nxf3+ 26. Nxf3 Qc5+ 27.
Kh1 Bd7 28. Ne5 Kc8 29. Nxd7 Qa5 30. Ne5 Qc5 31. Qg7 Rd8 32. Rab1 Qb5 33. Nf7
Qa5 34. Nd6+ Rxd6 35. Qb7+ Kd8 36. Qxa8+ Kd7 37. Rb7+ Qc7 38. Rxc7+ Kxc7 39.
Qxa7+ Kc8 40. Re8+ Rd8 41. Re7 Rd7 42. Qxd7+ Kb8 43. Qxc6 d4 44. Qe8# 1-0

[Event "ICS rated bullet match"]
[Site "204.178.125.65"]
[Date "2000.03.28"]
[Round "?"]
[White "Hossa"]
[Black "Nori"]
[Result "1-0"]
[WhiteElo "2404"]
[BlackElo "1272"]
[PlyCount "55"]

1. d4 d5 2. c4 c6 3. Nc3 Nf6 4. Nf3 g6 5. Bf4 Bg7 6. e3 O-O 7. Bd3 Bg4 8. h3
Bxf3 9. gxf3 Nbd7 10. Bh2 b5 11. cxb5 cxb5 12. Bxb5 Nb6 13. Ba6 Nc4 14. Bb7 Rb8
15. Bxb8 Qxb8 16. Bxd5 Nxd5 17. Nxd5 Qxb2 18. Rc1 Qxa2 19. Ra1 Qb3 20. Qxb3 Bh6
21. Nxe7+ Kg7 22. Qxc4 Bxe3 23. fxe3 Re8 24. Rxa7 Rxe7 25. Rxe7 Kh6 26. Qxf7
Kh5 27. Re5+ Kh6 28. Qf8# 1-0

[Event "ICS rated blitz match"]
[Site "204.178.125.65"]
[Date "2000.03.28"]
[Round "?"]
[White "Hossa"]
[Black "sekere"]
[Result "1-0"]
[WhiteElo "2402"]
[BlackElo "2180"]
[PlyCount "61"]

1. e4 e5 2. Nf3 Nc6 3. Nc3 Nf6 4. Nxe5 Nxe5 5. d4 Nc6 6. d5 Bb4 7. dxc6 O-O 8.
cxd7 Bxd7 9. f3 Nxe4 10. fxe4 Qh4+ 11. Kd2 Qf4+ 12. Kd3 Qd6+ 13. Nd5 Bb5+ 14.
c4 c6 15. cxb5 cxd5 16. Qb3 dxe4+ 17. Ke3 Rad8 18. Ke2 Qd3+ 19. Kf2 Bc5+ 20.
Ke1 Qxb3 21. axb3 e3 22. Ke2 Rfe8 23. b4 Bb6 24. Ra3 Rd4 25. Kf3 Rxb4 26. Bxe3
Bxe3 27. Rxe3 Rxe3+ 28. Kxe3 Rxb2 29. Be2 a6 30. Ra1 g6 31. bxa6 1-0

[Event "ICS rated blitz match"]
[Site "204.178.125.65"]
[Date "2000.03.28"]
[Round "?"]
[White "Bongo"]
[Black "Hossa"]
[Result "1-0"]
[WhiteElo "2132"]
[BlackElo "2409"]
[PlyCount "69"]

1. e4 c5 2. Nf3 e6 3. d4 cxd4 4. Nxd4 Nf6 5. Nc3 d6 6. Be3 a6 7. Bc4 Nc6 8. Qe2
Be7 9. O-O-O O-O 10. Bb3 Bd7 11. Rhg1 Qc7 12. g4 Nxd4 13. Bxd4 e5 14. Be3 Bc6
15. g5 Nxe4 16. Nd5 Bxd5 17. Bxd5 Nc5 18. g6 hxg6 19. Rxg6 Rfe8 20. Rxg7+ Kxg7
21. Qg4+ Bg5 22. Bxg5 Qd7 23. Qh4 Re6 24. Bxe6 Qxe6 25. Rg1 Nd3+ 26. cxd3 Rc8+
27. Kb1 Rc1+ 28. Kxc1 f6 29. Bxf6+ Kf8 30. Rg7 Qg8 31. Rxg8+ Kxg8 32. Qh5 Kf8
33. Qg6 d5 34. Qg7+ Ke8 35. Qe7# 1-0